000 00916cab a2200265 4500
001 WB3239-17
008 090401t1996 xxu||||| |||| 00| 0 eng d
035 _a(Sirsi) u27344
041 _aeng
245 _aFinancial guarantees may burden landfill operators
260 _c1996
350 _a0
490 _aENDS Report
_v(260) September 1996, 13&14(2)
520 _aMajor landfill operators are concerned that the Environment Agency may insist on wide scale use of escrow accounts for the financial guarantees required under Environmental Protection Act 1990 s74.
650 _aEC LEGISLATION
650 _aENVIRONMENT AGENCY
650 _aENVIRONMENT PROTECTION ACT 1990 S74
650 _aENVIRONMENTAL LIABILITY
650 _aFINANCIAL GUARANTEES
650 _aLANDFILL SITES
650 _aWASTE MANAGEMENT
690 _aENVIRONMENTAL AND LAND CONSULTANCY
942 _n0
948 _c04/03/1997
999 _c18399
_d18399